500 biggest cities in Europe continent - Statistics

General Stats
  • This quiz has been taken 13,730 times
    4,107 since last reset
  • The average score is 205 of 498
Answer Stats
Pop. Nat. City % Correct
3750k Berlin
97%
8940k London
97%
3300k Madrid
97%
13290k Moscow
97%
9988k İstanbul
96%
2972k Kiev
96%
2125k Paris
96%
2760k Rome
96%
5742k Saint Petersburg
96%
3142k Athens
95%
1632k Barcelona
95%
2005k Vienna
95%
1365k Milan
94%
1900k Warsaw
94%
1682k Bucharest
93%
1880k Hamburg
93%
1500k Munich
93%
1678k Budapest
92%
1365k Copenhagen
92%
1991k Minsk
92%
928k Amsterdam
91%
714k Oslo
91%
1307k Prague
91%
989k Stockholm
91%
641k Glasgow
89%
667k Helsinki
89%
909k Naples
89%
1179k Sofia
89%
1141k Birmingham
88%
785k Frankfurt am Main
88%
481k Manchester
88%
876k Marseille
88%
1201k Belgrade
87%
601k Dublin
87%
544k Lisbon
87%
788k Valencia
87%
516k Edinburgh
86%
511k Liverpool
86%
669k Rotterdam
86%
1085k Cologne
85%
529k Lyon
85%
681k Seville
85%
839k Turin
85%
658k Zagreb
85%
622k Rīga
84%
844k Kraków
83%
192k Bruxelles
82%
249k Venice
82%
430k Zürich
82%
547k Leeds
81%
1008k Odessa
81%
552k Vilnius
80%
352k Cardiff
79%
1413k Kharkiv
79%
344k Nice
79%
627k Palermo
79%
231k Porto
79%
633k Stuttgart
79%
801k Thessaloniki
79%
625k Düsseldorf
78%
134k Bern
77%
477k Bratislava
77%
361k Florence
77%
490k Gdańsk
77%
604k Gothenburg
77%
446k Tallinn
77%
568k The Hague
77%
532k Antwerp
76%
345k Bilbao
76%
500k Tirana
76%
890k Donetsk
75%
620k Leipzig
75%
714k Lviv
75%
362k Malmö
75%
290k Newcastle upon Tyne
75%
561k Dresden
74%
556k Genoa
74%
582k Málaga
74%
424k Skopje
74%
343k Belfast
73%
267k Bordeaux
72%
203k Genève
72%
238k Lille
72%
517k Toulouse
72%
567k Bremen
71%
435k Bristol
71%
589k Dortmund
71%
390k Bologna
70%
505k Chisinau
70%
515k Nuremberg
70%
332k Sarajevo
70%
682k Zaragoza
70%
542k Hannover
69%
502k Sheffield
69%
284k Ljubljana
68%
657k Łódź
68%
253k Southampton
68%
301k Strasbourg
68%
1341k Kazan
67%
1152k Rostov-on-Don
67%
316k Bari
66%
333k Nantes
66%
1221k Nizhny Novgorod
66%
304k Nottingham
66%
1029k Volgograd
66%
291k Bergen
65%
962k Dnipro
65%
582k Essen
65%
400k Brno
64%
683k Wrocław
64%
343k Brest
63%
139k Brest
63%
418k Leicester
63%
157k Salzburg
62%
336k Bonn
61%
430k Palma de Mallorca
61%
371k Utrecht
61%
196k Aberdeen
60%
227k Cork
60%
300k Graz
60%
173k Basel
59%
232k Granada
59%
299k Catania
58%
280k Katowice
58%
248k Kiel
58%
315k Mannheim
58%
545k Poznań
58%
1175k Samara
58%
170k Swansea
58%
256k Verona
58%
266k Gent
57%
315k Montpellier
57%
174k Oxford
57%
1161k Ufa
57%
278k Brighton and Hove
56%
133k Luxembourg
56%
269k Plymouth
56%
141k Pristina
56%
520k Sėvastopol
55%
146k Split
55%
291k Aarhus
54%
279k Cluj-Napoca
54%
1170k Krasnodar
54%
195k Liège
54%
465k Murcia
54%
1043k Perm
54%
166k Podgorica
54%
227k Rennes
54%
341k Alicante
53%
321k Córdoba
53%
211k Linz
53%
391k Luhansk
53%
417k Mariupol
53%
206k Norwich
53%
393k Szczecin
53%
246k Eindhoven
52%
224k Portsmouth
52%
251k Aachen
51%
335k Bielefeld
51%
273k Kingston upon Hull
51%
143k Reykjavik
51%
294k Vigo
51%
143k York
51%
245k A Coruña
50%
302k Augsburg
50%
295k Kaunas
50%
253k Tampere
50%
307k Varna
50%
158k Cambridge
49%
351k Coventry
49%
263k Novi Sad
49%
198k Parma
49%
215k Trondheim
49%
496k Duisburg
48%
261k Murmansk
48%
198k Trieste
48%
189k Donostia
47%
316k Plovdiv
47%
200k Turku
47%
1074k Voronezh
47%
162k Dijon
46%
146k Dundee
46%
235k Freiburg im Breisgau
46%
502k Kaliningrad
46%
141k Lausanne
46%
331k Lublin
46%
210k Rostock
46%
246k Uppsala
46%
294k Valladolid
46%
220k Mainz
45%
263k Stoke-on-Trent
45%
148k Cagliari
44%
499k Gomel
44%
240k Groningen
44%
323k Münster
44%
251k Northampton
44%
177k Reims
44%
914k Saratov
44%
200k Bournemouth
43%
216k Messina
43%
280k Ostrava
43%
188k Potsdam
43%
339k Bradford
42%
281k Derby
42%
156k Grenoble
42%
309k Karlsruhe
42%
213k Oulu
42%
180k Saarbrücken
42%
236k Wolverhampton
42%
696k Zaporizhia
42%
149k Blackpool
41%
202k Charleroi
41%
162k Le Havre
41%
206k Pamplona
41%
167k Sunderland
41%
237k Timișoara
41%
188k Toulon
41%
363k Bochum
40%
148k Braga
40%
238k Constanța
40%
311k Espoo
40%
153k Ipswich
40%
217k Lübeck
40%
237k Magdeburg
40%
357k Wuppertal
40%
333k Bydgoszcz
39%
239k Luton
39%
209k Reading
39%
163k Heraklion
38%
445k Kursk
38%
178k Niš
38%
292k Arkhangelsk
37%
198k Debrecen
37%
260k Gelsenkirchen
37%
267k Gijón
37%
225k Košice
37%
149k Middlesbrough
37%
184k Modena
37%
183k Odense
37%
170k Santander
37%
314k Smolensk
37%
267k Iași
36%
262k Mönchengladbach
36%
215k Oviedo
36%
175k Plzen
36%
677k Tolyatti
36%
466k Astrakhan
35%
197k Brescia
35%
244k Chemnitz
35%
340k Grozny
35%
275k Kherson
35%
165k Leverkusen
35%
255k Oral
35%
147k Stavanger
35%
468k Tula
35%
351k Vladimir
35%
202k Almería
34%
186k Burgas
34%
214k Erfurt
34%
244k Gdynia
34%
202k Kassel
34%
592k Kryvyi Rih
34%
542k Orenburg
34%
341k Simfėropol
34%
138k Tours
34%
337k Belgorod
33%
294k Białystok
33%
182k Edirne
33%
240k Halle
33%
134k Newport
33%
573k Yaroslavl
33%
234k Brașov
32%
359k Grodno
32%
157k Regensburg
32%
176k Saint-Étienne
32%
141k Salamanca
32%
418k Tver
32%
372k Bryansk
31%
162k Heidelberg
31%
464k Mykolaiv
31%
197k Patras
31%
187k Taranto
31%
281k Wiesbaden
31%
250k Braunschweig
30%
631k Makhachkala
30%
530k Ryazan
30%
225k Veliky Novgorod
30%
159k Angers
29%
188k Bolton
29%
238k Elche
29%
187k Getafe
29%
146k Le Mans
29%
204k Milton Keynes
29%
144k Nîmes
29%
198k Peterborough
29%
276k Poltava
29%
137k Tarragona
29%
618k Ulyanovsk
29%
358k Vitebsk
29%
135k Amiens
28%
187k Breda
28%
173k Burgos
28%
163k Darmstadt
28%
140k Ingolstadt
28%
168k Linköping
28%
494k Lipetsk
28%
167k Osnabrück
28%
191k Pskov
28%
184k Southend-on-Sea
28%
151k Clermont-Ferrand
27%
166k Haarlem
27%
214k Jerez de la Frontera
27%
149k Klaipėda
27%
267k L'Hospitalet de Llobregat
27%
183k Nijmegen
27%
172k Oldenburg
27%
498k Penza
27%
150k Rimini
27%
577k Stavropol
27%
622k Izhevsk
26%
146k Jönköping
26%
467k Kirov
26%
152k Livorno
26%
253k Sumy
26%
229k Tilburg
26%
245k Vantaa
26%
256k Vitoria-Gasteiz
26%
216k Cartagena
25%
180k Hamm
25%
352k Ivanovo
25%
146k Larisa
25%
300k Oryol
25%
154k Paderborn
25%
156k Ravenna
25%
189k Swindon
25%
151k Badajoz
24%
280k Chernihiv
24%
227k Craiova
24%
152k Helsingborg
24%
143k Huddersfield
24%
142k Huelva
24%
340k Kaluga
24%
353k Mogilev
24%
146k Norrköping
24%
173k Albacete
23%
167k Arnhem
23%
222k Badalona
23%
207k Częstochowa
23%
228k Krefeld
23%
208k Oberhausen
23%
206k Padova
23%
138k Pécs
23%
162k Perugia
23%
157k Szeged
23%
258k Tambov
23%
160k Västerås
23%
369k Vinnytsia
23%
214k Galați
22%
159k Örebro
22%
135k Colchester
21%
162k Enschede
21%
189k Hagen
21%
142k Poole
21%
189k Prato
21%
196k Radom
21%
170k Reggio nell'Emilia
21%
242k Rivne
21%
172k Slough
21%
316k Vologda
21%
135k Watford
21%
226k Almere
20%
171k Castellón de la Plana
20%
241k Ivano-Frankivsk
20%
183k Kielce
20%
175k Ludwigshafen am Rhein
20%
152k Marbella
20%
555k Naberezhnye Chelny
20%
160k Solingen
20%
196k Toruń
20%
142k Arad
19%
266k Cherkasy
19%
314k Çorlu
19%
145k Foggia
19%
216k Lutsk
19%
179k Oradea
19%
200k Rzeszów
19%
318k Saransk
19%
227k Ternopil
19%
133k Umea
19%
506k Cheboksary
18%
267k Kostroma
18%
139k Lleida
18%
230k Petrozavodsk
18%
176k Ploiești
18%
219k Sabadell
18%
224k Terrassa
18%
293k Vladikavkaz
18%
259k Zhytomyr
18%
150k Aix-en-Provence
17%
168k Apeldoorn
17%
160k Den Bosch
17%
190k Leganés
17%
150k Logroño
17%
172k Mülheim an der Ruhr
17%
153k Neuss
17%
135k Offenbach
17%
327k Podolsk
17%
171k Amadora
16%
265k Chernivtsi
16%
230k Engels
16%
171k Gliwice
16%
157k Herne
16%
236k Horlivka
16%
147k Jyväskylä
16%
147k Melitopol
16%
210k Móstoles
16%
139k Pitești
16%
145k Sibiu
16%
188k Tekirdağ
16%
172k Alcorcón
15%
162k Amersfoort
15%
150k Brăila
15%
304k Cherepovets
15%
267k Khimki
15%
146k Kragujevac
15%
336k Makiivka
15%
143k Miskolc
15%
169k Olsztyn
15%
243k Taganrog
15%
177k Warrington
15%
152k Zabrze
15%
194k Alcalá de Henares
14%
554k Balashikha
14%
148k Bytom
14%
191k Fuenlabrada
14%
157k Kerch
14%
248k Nalchik
14%
266k Novorossiysk
14%
170k Reggio di Calabria
14%
189k Sosnowiec
14%
188k Vila Nova de Gaia
14%
159k Villeurbanne
14%
288k Yoshkar-Ola
14%
134k Bacau
13%
168k Bielsko-Biała
13%
276k Khmelnytskyi
13%
213k Kremenchuk
13%
141k Zielona Góra
13%
206k Bila Tserkva
12%
214k Dzerzhinsk
12%
143k Kramatorsk
12%
172k Rybinsk
12%
223k Shakhty
12%
222k Stary Oskol
12%
278k Sterlitamak
12%
217k Syktyvkar
12%
161k Telford
12%
320k Volzhsky
12%
138k Dos Hermanas
11%
137k Rybnik
11%
135k Barysaǔ
10%
223k Kamianske
10%
270k Mytishchi
10%
243k Nizhnekamsk
10%
199k Silivri
10%
160k Zaanstad
10%
187k Armavir
8%
133k Parla
8%
202k Krasnogorsk
8%
216k Kropyvnytskyi
8%
234k Lyubertsy
8%
147k Pyatigorsk
8%
135k Torrejón de Ardoz
8%
168k Volgodonsk
8%
207k Babrujsk
7%
181k Balakovo
7%
230k Korolyov
7%
163k Syzran
7%
164k Domodedovo
6%
145k Elektrostal
6%
164k Haarlemmermeer
6%
133k Kolomna
6%
143k Maykop
6%
163k Novocherkassk
6%
188k Odintsovo
6%
150k Severodvinsk
6%
167k Almetyevsk
5%
171k Baranavičy
5%
134k Berezniki
5%
147k Salavat
5%
150k Atyray
4%
160k Khasavyurt
4%
163k Kingswood/Fishponds
4%
134k Neftekamsk
4%
135k Serpukhov
4%
270k Arnavutköy
3%
147k Çerkezköy
3%
139k Shchyolkovo
2%
No matching quizzes found
Score Distribution
Percent of People with Each Score
Percentile by Number Answered
Your Score History
You have not taken this quiz since the last reset